| 000 | 01196nam a22003497a 4500 | ||
|---|---|---|---|
| 003 | CHAP | ||
| 005 | 20220329134502.0 | ||
| 008 | 971013s1976 r 00010 d | ||
| 010 | _a21067 | ||
| 011 | _a22039 | ||
| 035 | _a26131 | ||
| 040 | _cCHAP | ||
| 090 | _aTesis | ||
| 100 | 0 | 0 |
_aCienfuegos Ibarra, Francisco. _923242 |
| 245 | _aAnálisis de los experimentos con caña de azúcar | ||
| 260 |
_aChapingo, Méx. : _bEl autor, _c1976 |
||
| 300 | _a60 h. | ||
| 502 | _aTesis (M.C. Esp. en Estadística) -- ENA. Colegio de Postgraduados. Centro de Estadística y Cálculo | ||
| 590 |
_aALEPH _b10 _c20130110 _lUCH01 _h1245 |
||
| 590 |
_aBATCH-UPD _b10 _c20130110 _lUCH01 _h2158 |
||
| 590 |
_aBATCH-UPD _b10 _c20130410 _lUCH01 _h1506 |
||
| 590 |
_aBATCH-UPD _b10 _c20130914 _lUCH01 _h0835 |
||
| 590 |
_aCONVERSION _b10 _c20130109 _lUCH01 _h1313 |
||
| 650 | 1 | 4 |
_aCaña de azúcar _xMétodos estadísticos. _918632 |
| 901 | _aBK | ||
| 942 | _cFOLL | ||
| 949 |
_bBC _cTES _d-60334 _eTS1 _i26131 _si |
||
| 949 |
_bBC _cTES _d-60335 _eTS2 _fc.2 _i26131 _si |
||
| 949 |
_bBC _cTES _d-60336 _eTS1 _fc.3 _i26131 _si |
||
| 949 |
_bBC _cTES _d-60338 _eTS2 _fc.4 _i26131 _si |
||
| 949 |
_bBC _cTES _d-60339 _eTS2 _fc.5 _i26131 _si |
||
| 999 |
_c21067 _d21067 |
||